Midnight massacre in Dacca (Record no. 28897)

MARC details
000 -LEADER
fixed length control field 00274nam a2200109Ia 4500
082 ## - DEWEY DECIMAL CLASSIFICATION NUMBER
Classification number 954.04
Item number SUK
100 ## - MAIN ENTRY--AUTHOR NAME
Personal name Sukharanjan Dasgupta
245 #0 - TITLE STATEMENT
Title Midnight massacre in Dacca
260 ## - PUBLICATION, DISTRIBUTION, ETC. (IMPRINT)
Place of publication New Delhi
Name of publisher Vikas
Year of publication 1978
942 ## - ADDED ENTRY ELEMENTS (KOHA)
Koha item type Books
Holdings
Withdrawn status Lost status Damaged status Not for loan Home library Current library Date acquired Cost, normal purchase price Full call number Accession Number Koha item type
        RRII Library RRII Library 16/12/2021 35.00 954.04 SUK 09488 Books